Velká kniha PHP 5 a MySQL kompendium znalostí pro začátečníky i profesionály

Guardado en:
Detalles Bibliográficos
Autor principal: Gilmore, W. Jason
Formato: Libro
Lenguaje:checo
Publicado: Brno Zoner Press 2011
Edición:3. vyd.
Colección:Encyklopedie Zoner Press
Materias:
Etiquetas: Agregar Etiqueta
Sin Etiquetas, Sea el primero en etiquetar este registro!

MARC

LEADER 00000nam a2200000 4500
001 0157193
005 20240313133630.1
020 |a 978-80-7413-163-9 
041 0 |a cze 
044 |a CZ 
245 1 0 |a Velká kniha PHP 5 a MySQL  |b kompendium znalostí pro začátečníky i profesionály  |c W. Jason Gilmore 
250 |a 3. vyd. 
264 1 |a Brno  |b Zoner Press  |c 2011 
300 |a 736 s. 
490 1 |a Encyklopedie Zoner Press 
830 0 |a Encyklopedie Zoner Press 
610 2 0 |a programy počítačové 
610 2 0 |a softvér 
610 2 0 |a systémy operačné 
610 2 0 |a programovanie počítačov 
610 2 0 |a jazyky programovacie 
610 2 0 |a stránky webové 
100 1 |a Gilmore, W. Jason